000 01119nam a22002657a 4500
003 PE SENCICO BE
005 20251020182640.0
008 230712b |||||||| |||| 00| 0 eng d
040 _aPE SENCICO BE
_cPE SENCICO BE
041 _aspa
084 _aI
_aTOP
_a2018
_bD19
100 1 _91244
_aDávila Olórtegui, Augusto
_eautor
245 1 _aProcesos y metodologías aplicados a trabajos topográficos subterráneos /
_cAugusto Dávila Olórtegui
260 _aLima :
_c2018
300 _a66 h. :
_bil. col., diagrs., tabls. ;
_c29 cm.
502 _aMonografía de Titulación.-- Servicio Nacional de Capacitación para la Industria de la Construcción. Escuela Superior Técnica. Carrera Profesional Técnica en Topografía y Geodesía, 2018.
504 _aBibliografía: h. 63.
650 1 4 _94
_aTopografía
650 2 4 _91229
_aTopografía subterránea
650 2 4 _91235
_aMétodos topográficos
650 2 4 _9998
_aAplicaciones topográficas
710 1 _aServicio Nacional de Capacitación para la Industria de la Construcción.
_bEscuela Superior Técnica
_91065
910 _bhfp
_chfp
942 _cMON
999 _c4252
_d4252